Normal view
MARC view
- إعداد عبد الكريم، هاني محمد
Entry Personal Name
001 - CONTROL NUMBER
- control field: 50841
003 - CONTROL NUMBER IDENTIFIER
- control field: JO-AjAnu
005 - DATE AND TIME OF LATEST TRANSACTION
- control field: 20230606082352.0
008 - FIXED-LENGTH DATA ELEMENTS
- fixed length control field: 230606|| aca||aabn | a|a d
040 ## - CATALOGING SOURCE
- Original cataloging agency: JO-AjAnu
- Transcribing agency: JO-AjAnu
100 ## - HEADING--PERSONAL NAME
- Personal name: إعداد عبد الكريم، هاني محمد
670 ## - SOURCE DATA FOUND
- Source citation: Work cat.: (JO-AjAnu)25988: إعداد عبد الكريم، هاني محمد, author, خواطر الشعراوي في لغة القرآن الكريم